| 000 | 00833nam a22002897a 4500 | ||
|---|---|---|---|
| 001 | 000467 | ||
| 003 | DO-SdBNP | ||
| 005 | 20171108132709.0 | ||
| 007 | 000467 | ||
| 008 | 160905b 2009 sp||||| |||| 00| 0 spa d | ||
| 020 | _a9788430606832 | ||
| 040 |
_aBPMSU _bspa _cBPMSU |
||
| 082 | 4 |
_a172 _bG631e |
|
| 100 | 1 |
_aGomá Lanzón, Javier, _d1965- |
|
| 245 | 1 | 0 |
_aEjemplaridad pública / _cJavier Gomá. |
| 260 |
_aMadrid : _bTaurus, _c2009 |
||
| 300 |
_a274 p. ; _c24 cm. |
||
| 490 | 1 | _aPensamiento | |
| 500 | _aIncluye datos biográficos del autor en la solapa de la cubierta. | ||
| 650 | 4 | _aÉTICA POLÍTICA | |
| 650 | 4 | _aÉTICA SOCIAL | |
| 830 | 0 | _aPensamiento | |
| 910 | _aValidado. Control de calidad MFF | ||
| 942 |
_2ddc _cBK |
||
| 945 | _aInventariado, 2017/MFF | ||
| 956 |
_2LOPEREZ _310 _620160905 _8BPMSU _a00041 |
||
| 999 |
_c11302 _d11302 |
||